000 00547nam a22001817a 4500
999 _c11573
_d11573
003 AR-CdUCM
008 190404b ||||| |||| 00| 0 spa d
040 _aMUNICIPALIDAD PROVINCIAL DEL CUSCO
_cBIBLIOTECA MUNICIPAL DEL CUSCO
082 _a848.9 /
_bM43 / 1944
100 _aMeersch, Maxence Van der
_929004
245 _aLa huella del Dios /
260 _aBarcelona :
_bJose James,
_c1944.
300 _a231 páginas ;
_c17 cm.
650 _aNovela.
_95
700 _aEspina, Antonio (Traductor)
_929005
942 _2ddc
_cLIBROS
945 _awfj